Deutsch als Fremdsprache und kontrastive Phonetik für Slowakischsprachige

Salvato in:
Dettagli Bibliografici
Autore principale: Adamcová, Lívia
Natura: Capitolo di libro
Lingua:tedesco
Soggetti:
Tags: Aggiungi Tag
Nessun Tag, puoi essere il primo ad aggiungerne!!

MARC

LEADER 00000naa$a2200000$$$4500
001 0078334
005 20240502071912.4
041 0 |a ger 
044 |a SK 
245 1 0 |a Deutsch als Fremdsprache und kontrastive Phonetik für Slowakischsprachige  |c Lívia Adamcová 
610 2 0 |a jazyky cudzie 
610 2 0 |a nemčina 
610 2 0 |a slovenčina 
100 1 |a Adamcová, Lívia